[Event "4NCL Division 4 South"]
[Site "Reading, ENG"]
[Date "2018.05.07"]
[Round "11.55"]
[White "Burcham, Tony"]
[Black "Ito-Aramendia, Alejandro"]
[Result "1-0"]
[WhiteElo "1618"]
[BlackElo "1638"]
[PlyCount "73"]
[EventDate "2018.05.07"]

1. c4 e5 2. g3 Nf6 3. Bg2 Bc5 4. e3 Nc6 5. a3 a6 6. b4 Ba7 7. Bb2 d6 8. Nc3 Bf5
9. d3 O-O 10. Qd2 Rb8 11. Rc1 Re8 12. Nge2 Qd7 13. O-O Bh3 14. Ne4 Nxe4 15.
dxe4 Rbd8 16. Rfd1 Bxg2 17. Kxg2 Qg4 18. Nc3 Re6 19. h3 Qh5 20. Qe2 Qg6 21. f4
Qh6 22. Rd3 Rg6 23. Rf1 Qh4 24. Qf3 Qh6 25. Nd5 Rd7 26. Bc3 Re6 27. f5 Re8 28.
f6 Re6 29. fxg7 Kxg7 30. b5 Nb8 31. Nf4 Ree7 32. Nh5+ Kh8 33. Nf6 Rd8 34. Nd5
Red7 35. Nf6 Re7 36. Ng4 Qg6 37. Nxe5 1-0

[Event "4NCL Division 4 South"]
[Site "Reading, ENG"]
[Date "2018.05.07"]
[Round "11.56"]
[White "Ratnesan, Radha"]
[Black "Rayner, Hugo"]
[Result "1-0"]
[WhiteElo "1144"]
[BlackElo "1577"]
[PlyCount "103"]
[EventDate "2018.05.07"]

1. d4 Nf6 2. c4 g6 3. Nc3 Bg7 4. e4 d6 5. Nf3 O-O 6. Bf4 Nbd7 7. Be2 c5 8. d5
Nb6 9. O-O Nh5 10. Bg5 Bg4 11. h3 Bxf3 12. Bxf3 Nxc4 13. Qc2 Nf6 14. b3 Ne5 15.
Be2 a6 16. a4 Qc7 17. Rac1 Rae8 18. Na2 Qc8 19. f4 Ned7 20. Bc4 Nh5 21. g4 Nhf6
22. Rce1 Nb6 23. Nc3 Nfd7 24. Ne2 Qc7 25. Nc1 Nxc4 26. Qxc4 Qa5 27. Qc2 Qc3 28.
Qxc3 Bxc3 29. Re2 Bg7 30. Nd3 h6 31. Bh4 e6 32. dxe6 Rxe6 33. g5 Rfe8 34. Rfe1
hxg5 35. Bxg5 Bc3 36. Rc1 Bd4+ 37. Kg2 Rxe4 38. Rxe4 Rxe4 39. Nf2 Re2 40. Bh4
Rb2 41. Re1 Bxf2 42. Bxf2 Rxb3 43. Rd1 Nb6 44. Rxd6 Nxa4 45. Rd7 c4 46. Rd8+
Kh7 47. Bd4 g5 48. f5 Rb2+ 49. Kg3 Rb3+ 50. Kg4 Rg3+ 51. Kxg3 Nc5 52. Rh8# 1-0

[Event "4NCL Division 4 South"]
[Site "Reading, ENG"]
[Date "2018.05.07"]
[Round "11.61"]
[White "Vachtfeidl, Petr"]
[Black "Lambourne, Dan M"]
[Result "0-1"]
[WhiteElo "1890"]
[BlackElo "1972"]
[PlyCount "104"]
[EventDate "2018.05.07"]

1. d4 Nf6 2. c4 e6 3. Nc3 d5 4. Bg5 Be7 5. e3 c6 6. Nf3 Nbd7 7. Qc2 h6 8. Bh4
Nh5 9. Bxe7 Qxe7 10. Bd3 Nhf6 11. O-O O-O 12. h3 dxc4 13. Bxc4 e5 14. Rfe1 a6
15. Rad1 b5 16. Bd3 Bb7 17. e4 Rac8 18. Qe2 g6 19. a3 exd4 20. Nxd4 Ne5 21. Bb1
c5 22. Nf3 Rcd8 23. Nxe5 Qxe5 24. Qe3 Kg7 25. f4 Qc7 26. e5 Nd5 27. Nxd5 Rxd5
28. Rxd5 Bxd5 29. f5 gxf5 30. Bxf5 Qe7 31. Rd1 Ba8 32. Qg3+ Qg5 33. Qxg5+ hxg5
34. Rd6 Re8 35. e6 fxe6 36. Bxe6 a5 37. Bg4 Re1+ 38. Kf2 Rb1 39. Rd2 b4 40. Bf5
Ra1 41. axb4 cxb4 42. Rd8 Kf6 43. Bd3 Bb7 44. Rd7 Bc8 45. Rd5 Ra2 46. Kg3 a4
47. Ba6 Be6 48. Rd2 a3 49. Rf2+ Ke7 50. Rc2 Rxb2 51. Rxb2 axb2 52. Bd3 Kf6 0-1

[Event "4NCL Division 4 South"]
[Site "Reading, ENG"]
[Date "2018.05.07"]
[Round "11.62"]
[White "Brown, Alan M"]
[Black "Frostick, Helen M"]
[Result "1/2-1/2"]
[WhiteElo "1971"]
[BlackElo "1832"]
[PlyCount "75"]
[EventDate "2018.05.07"]

1. d4 d5 2. c4 e6 3. Nf3 Nf6 4. Bg5 Be7 5. e3 h6 6. Bh4 Nbd7 7. Nc3 O-O 8. Rc1
b6 9. cxd5 exd5 10. Bd3 Bb7 11. O-O a6 12. Bb1 Rc8 13. Qd3 Ne4 14. Bxe7 Qxe7
15. a3 g6 16. Ba2 Nxc3 17. Rxc3 c6 18. Rfc1 Kg7 19. Bb1 Rfe8 20. b4 20... Qd6
$11 21. Qf1 c5 22. bxc5 bxc5 23. dxc5 Rxc5 24. Rxc5 Nxc5 25. Nd4 Ne4 26. Qd3
Rc8 27. Rxc8 Bxc8 28. h3 Bb7 29. Qb3 Qc7 30. Qb2 Kh7 31. Bxe4 dxe4 32. Qc2 Qa5
33. Qc1 Bd5 34. Kh2 Qb6 35. Qc3 Qd6+ 36. Kg1 Qb6 37. Qb4 Qc7 38. Qb2 1/2-1/2

[Event "4NCL Division 4 South"]
[Site "Reading, ENG"]
[Date "2018.05.07"]
[Round "11.63"]
[White "Towers, Nigel S"]
[Black "Valentine, Brian J"]
[Result "1/2-1/2"]
[WhiteElo "1827"]
[BlackElo "1935"]
[PlyCount "64"]
[EventDate "2018.05.07"]

1. e4 e5 2. Nf3 Nc6 3. Bb5 a6 4. Bxc6 dxc6 5. O-O Qd6 6. d3 Ne7 7. Be3 Ng6 8.
Nbd2 Be6 9. Ng5 f6 10. Nxe6 Qxe6 11. Nb3 O-O-O 12. Nc5 Bxc5 13. Bxc5 Nf4 14.
Be3 g5 15. Kh1 Ng6 16. g3 h5 17. Qf3 Ne7 18. Bc5 g4 19. Qe2 Ng6 20. Be3 f5 21.
exf5 $11 21... Qxf5 22. Bd2 h4 23. Rae1 Rhe8 24. Qe4 Qh5 25. Re2 Rf8 26. Kg1
Rf3 27. Qc4 hxg3 28. fxg3 Rxf1+ 29. Kxf1 Rf8+ 30. Ke1 Qf5 31. Kd1 Qf1+ 32. Re1
Qf5 1/2-1/2

[Event "4NCL Division 4 South"]
[Site "Reading, ENG"]
[Date "2018.05.07"]
[Round "11.64"]
[White "Obi, Marc On"]
[Black "Homolka, Vincent"]
[Result "1-0"]
[WhiteElo "1767"]
[BlackElo "1774"]
[PlyCount "103"]
[EventDate "2018.05.07"]

1. d4 d5 2. c4 e6 3. Nf3 c5 4. cxd5 exd5 5. g3 Nc6 6. Bg2 Nf6 7. O-O Be7 8.
dxc5 Bxc5 9. Qc2 Qe7 10. Bg5 Bb6 11. Nc3 Be6 12. e4 dxe4 13. Nxe4 O-O 14. Nxf6+
gxf6 15. Bh4 Nb4 16. Qe4 Nd5 17. Rfe1 Rfe8 18. Nd4 Qc5 19. Nxe6 fxe6 20. Qg4+
Kf7 21. Qh5+ Kg7 22. Qg4+ Kf7 23. Re2 Rad8 24. Rae1 Ba5 25. Qh5+ Kg7 26. Rd1
Qf8 27. Bxd5 exd5 28. Rxe8 Rxe8 29. Qxd5 Rd8 30. Qxb7+ Qf7 31. Qxf7+ Kxf7 32.
Rxd8 Bxd8 33. Kf1 Ke6 34. g4 Ke5 35. Ke2 Ke4 36. Bg3 Bb6 37. f3+ Kd5 38. Kd3 a6
39. h4 Bc5 40. Be1 Be7 41. Ke3 Bd6 42. Bc3 Ke6 43. Ke4 Bg3 44. h5 Bd6 45. a4
Be7 46. f4 Bd8 47. a5 Be7 48. f5+ Kd7 49. Kd5 Bd8 50. b4 Be7 51. b5 axb5 52. a6
1-0

[Event "4NCL Division 4 South"]
[Site "Reading, ENG"]
[Date "2018.05.07"]
[Round "11.65"]
[White "Cresswell, Mike J"]
[Black "Whiteside, Robert"]
[Result "1/2-1/2"]
[WhiteElo "1689"]
[BlackElo "1800"]
[PlyCount "54"]
[EventDate "2018.05.07"]

1. e4 e6 2. d4 d5 3. Nc3 Nf6 4. Bg5 Bb4 5. e5 h6 6. Bd2 Bxc3 7. bxc3 Ne4 8. Bd3
Nxd2 9. Qxd2 c5 10. Nf3 Nc6 11. O-O Qa5 12. Rfd1 O-O 13. Be2 f6 14. exf6 Rxf6
15. Ne5 Nxe5 16. dxe5 Rf8 17. f4 Qc7 18. Bh5 Bd7 19. Rf1 Bc6 20. Qf2 Bb5 21.
Be2 Bxe2 22. Qxe2 Qa5 23. Qg4 Rae8 24. c4 d4 25. Qe2 Rf7 26. g3 Rd8 27. Qd3 Qa6
1/2-1/2

[Event "4NCL Division 4 South"]
[Site "Reading, ENG"]
[Date "2018.05.07"]
[Round "11.66"]
[White "Miller, Max C"]
[Black "Kan, Toby"]
[Result "1/2-1/2"]
[WhiteElo "1465"]
[BlackElo "1525"]
[PlyCount "122"]
[EventDate "2018.05.07"]

1. d4 Nf6 2. Nf3 g6 3. e3 Bg7 4. b3 O-O 5. Bb2 Re8 6. Be2 d6 7. O-O Nbd7 8. c4
c5 9. Nc3 a6 10. Qc2 Qc7 11. Rac1 b6 12. Rfd1 Bb7 13. Ne1 Rad8 14. Bf3 Bxf3 15.
Nxf3 Qb7 16. h3 b5 17. cxb5 axb5 18. Qe2 Rb8 19. dxc5 Nxc5 20. b4 Nce4 21. Nxe4
Qxe4 22. Nd4 Qb7 23. Rc2 Qa6 24. a3 Rb6 25. Rdc1 Nd7 26. f4 26... Bh8 $11 27.
Rc7 Nb8 28. Qc2 Bf6 29. g4 h6 30. Rc8 Rxc8 31. Qxc8+ Qxc8 32. Rxc8+ Kg7 33. g5
hxg5 34. fxg5 Be5 35. Rc7 Kf8 36. Rc8+ Kg7 37. Re8 e6 38. Re7 Kf8 39. Rc7 Nc6
40. Rc8+ Kg7 41. Kf2 Nxd4 42. Bxd4 Bxd4 43. exd4 Ra6 44. Rc3 Ra8 45. Kg3 e5 46.
d5 Kf8 47. Kg4 Kg7 48. Rc6 Rxa3 49. Rb6 e4 50. Rxb5 f5+ 51. Kh4 Rf3 52. Rb7+
Kf8 53. Rd7 Rf4+ 54. Kg3 e3 55. Rxd6 Rxb4 56. Rxg6 Re4 57. Re6 Rxe6 58. dxe6
f4+ 59. Kf3 Ke7 60. h4 Kxe6 61. h5 Kf7 1/2-1/2

[Event "4NCL Division 4 South"]
[Site "Reading, ENG"]
[Date "2018.05.07"]
[Round "11.71"]
[White "Smith, Olivia"]
[Black "Bin-Suhayl, Ieysaa"]
[Result "1/2-1/2"]
[WhiteElo "2080"]
[BlackElo "2029"]
[PlyCount "104"]
[EventDate "2018.05.07"]

1. e4 e6 2. Qe2 Be7 3. f4 d5 4. d3 c5 5. Nf3 Nc6 6. g3 b6 7. Bg2 Bb7 8. O-O Qc7
9. a4 O-O-O 10. Na3 a6 11. exd5 exd5 12. Ne5 Bf6 13. Nxc6 Bxc6 14. a5 b5 15. c3
Re8 16. Qg4+ Kb7 17. Nc2 h5 18. Qf3 d4 19. Qxc6+ Qxc6 20. Bxc6+ Kxc6 21. cxd4
Bxd4+ 22. Nxd4+ cxd4 23. b4 Kd5 24. Bb2 Re2 25. Rf2 Rxf2 26. Kxf2 Ne7 27. Re1
Nc6 28. Kf3 f5 29. h3 g6 30. Ba3 Rg8 31. Re2 g5 32. fxg5 Ne5+ 33. Kf4 Nxd3+ 34.
Kxf5 Rf8+ 35. Kg6 Ne5+ 36. Kg7 Rf5 37. Bc1 d3 38. Rg2 Rf7+ 39. Kh6 Kc4 40. Bf4
Nc6 41. g6 Rd7 42. Bd2 Ne5 43. g7 Rd6+ 44. Kh7 Rd7 45. Bf4 Nc6 46. Kg6 Ne7+ 47.
Kxh5 Ng8 48. Kg6 Ne7+ 49. Kf6 Nd5+ 50. Kg6 Ne7+ 51. Kf6 Nd5+ 52. Kg6 Ne7+
1/2-1/2

[Event "4NCL Division 4 South"]
[Site "Reading, ENG"]
[Date "2018.05.07"]
[Round "11.72"]
[White "McCorry, Robert T"]
[Black "Rathbone-Jones, Ifan"]
[Result "1-0"]
[WhiteElo "2018"]
[BlackElo "1847"]
[PlyCount "65"]
[EventDate "2018.05.07"]

1. e4 c5 2. Nf3 Nc6 3. d4 cxd4 4. Nxd4 e6 5. Nc3 a6 6. Be3 Bb4 7. Qd2 Nf6 8. f3
Ne5 9. g4 Qa5 10. g5 Nxf3+ 11. Nxf3 Nxe4 12. Qd3 Nxc3 13. bxc3 Bxc3+ 14. Bd2
Bxd2+ 15. Qxd2 Qf5 16. Bg2 Qe4+ 17. Kf2 h6 18. Rhe1 Qg6 19. Rad1 hxg5 20. Qd6
Qxc2+ 21. Kg1 Qc6 22. Qg3 Qc5+ 23. Kh1 Rh6 24. Ne5 f6 25. Nf3 b5 26. Nxg5 Ra7
27. Ne4 Qh5 28. Nd6+ Kd8 29. Nxc8 Kxc8 30. Rc1+ Kd8 31. Qd6 Rh8 32. h3 Ra8 33.
Rxe6 1-0

[Event "4NCL Division 4 South"]
[Site "Reading, ENG"]
[Date "2018.05.07"]
[Round "11.73"]
[White "Sivarajasingam, Shayanna"]
[Black "McMahon, Paul"]
[Result "1/2-1/2"]
[WhiteElo "1773"]
[BlackElo "1931"]
[PlyCount "90"]
[EventDate "2018.05.07"]

1. e4 d5 2. exd5 Qxd5 3. Nc3 Qd6 4. d4 Nf6 5. Nf3 a6 6. Bd3 g6 7. Ne4 Nxe4 8.
Bxe4 Bg7 9. c3 O-O 10. O-O Nc6 11. Be3 b5 12. Qd2 Bb7 13. Bf4 Qd8 14. Rfe1 Na5
15. Bxb7 Nxb7 16. Rad1 Nd6 17. Qe2 Re8 18. Ne5 e6 19. Qf3 Qb8 20. d5 exd5 21.
Qxd5 Qc8 22. Nc6 Qd7 23. Bxd6 Qxd6 24. Qxd6 cxd6 25. h3 Bf8 26. Kf1 f6 27. Rxe8
Rxe8 28. Re1 Rc8 29. Ne7+ 29... Bxe7 $11 30. Rxe7 Rc6 31. a3 h5 32. Ke2 Kf8 33.
Rb7 Rc5 34. Ra7 Rg5 35. g3 Re5+ 36. Kf3 Rd5 37. Ke2 Re5+ 38. Kf1 Rd5 39. Rxa6
Ke7 40. Rb6 40... Ke6 $11 41. Rb8 Rf5 42. Kg2 Rc5 43. Kf3 Rf5+ 44. Ke4 Re5+ 45.
Kd3 Rd5+ 1/2-1/2

[Event "4NCL Division 4 South"]
[Site "Reading, ENG"]
[Date "2018.05.07"]
[Round "11.74"]
[White "Judkins, Brian D"]
[Black "Sivarajasingam, Venetia"]
[Result "0-1"]
[WhiteElo "1738"]
[BlackElo "1759"]
[PlyCount "140"]
[EventDate "2018.05.07"]

1. e4 e6 2. d4 d5 3. Nc3 dxe4 4. Nxe4 Nd7 5. Nf3 Ngf6 6. Nxf6+ Nxf6 7. Bd3 c5
8. dxc5 Bxc5 9. O-O O-O 10. Bg5 h6 11. Bh4 Be7 12. Qe2 Qb6 13. b3 Bd7 14. Ne5
Bc6 15. Rad1 Rfd8 16. c4 Rac8 17. Kh1 Qc7 18. f4 Re8 19. Bg3 Bd6 20. Nxc6 Qxc6
21. Bh4 Be7 22. Qf3 Qxf3 23. Rxf3 Ng4 24. Bxe7 Rxe7 25. h3 Nf6 26. Bc2 e5 27.
fxe5 Rxe5 28. Rfd3 Rce8 29. Rd8 Re2 30. R8d2 g6 31. Bd3 Rxd2 32. Rxd2 Rd8 33.
Kg1 Ne4 34. Rd1 Nc3 35. Rd2 Nxa2 36. Rxa2 Rxd3 37. Rxa7 Rxb3 38. Ra8+ Kg7 39.
Rb8 Rc3 40. Rxb7 Rxc4 41. Kf2 Rc3 42. Ra7 g5 43. Rb7 Kg6 44. Rb5 h5 45. Rb6+ f6
46. Rb4 Rd3 47. Ra4 Kf5 48. Ra5+ Ke4 49. Ra6 f5 50. Ra8 g4 51. hxg4 hxg4 52.
Ra4+ Rd4 53. Ra8 Rd2+ 54. Kg3 Rd3+ 55. Kh4 Rd2 56. Re8+ Kf4 57. g3+ Kf3 58. Kg5
Rd5 59. Kh4 Rd7 60. Rf8 Rh7+ 61. Kg5 Kxg3 62. Kxf5 Kh3 63. Rg8 g3 64. Kf4 Rf7+
65. Ke3 Kh2 66. Rh8+ Kg1 67. Ke2 g2 68. Rh6 Re7+ 69. Kd2 Re5 70. Rh7 Kf2 0-1

[Event "4NCL Division 4 South"]
[Site "Reading, ENG"]
[Date "2018.05.07"]
[Round "11.75"]
[White "Fraser, Susanna"]
[Black "Ribbands, Patrick C"]
[Result "1/2-1/2"]
[WhiteElo "1497"]
[BlackElo "1720"]
[PlyCount "136"]
[EventDate "2018.05.07"]

1. d4 g6 2. c4 Bg7 3. Nf3 d6 4. g3 Nd7 5. Bg2 c5 6. O-O cxd4 7. Nxd4 Ngf6 8.
Nc3 O-O 9. Qc2 Rb8 10. b3 Ne5 11. Bb2 Bd7 12. Nd5 Nxd5 13. Bxd5 Nc6 14. Nxc6
Bxc6 15. Bxg7 Kxg7 16. Bxc6 bxc6 17. Qe4 Qc7 18. Rac1 c5 19. Rfd1 Qb7 20. Qg4
a5 21. Rb1 Qb4 22. Qe4 Rfe8 23. h4 h5 24. Rb2 a4 25. Rdb1 Qa3 26. Qc2 axb3 27.
Rxb3 Rxb3 28. axb3 Rb8 29. Qc3+ f6 30. Qe3 Qa7 31. Qe6 Rb4 32. f3 Qb7 33. Kf2
Kf8 34. Qe3 Kg7 35. Qe6 Qc7 36. Ra1 Qb7 37. Rb1 Qa7 38. Ra1 Qb7 39. Rb1 Qc7 40.
Ra1 Rb8 41. Ra2 Kf8 42. Kg2 Qc8 43. Qe3 Kf7 44. Qh6 Qh8 45. Qd2 Rxb3 46. Ra7
Qe8 47. Qxd6 Re3 48. Kf2 Re5 49. f4 Re6 50. Qd5 Qb8 51. Ra6 Qc8 52. Rxe6 Qxe6
53. Qxc5 Qd6 54. Qxd6 exd6 55. Ke3 Ke6 56. Ke4 f5+ 57. Kd4 Kd7 58. e3 Ke7 59.
c5 dxc5+ 60. Kxc5 60... Ke6 $11 61. Kc4 Kd6 62. Kd4 Ke6 63. e4 fxe4 64. Kxe4
Kf6 65. Ke3 Ke6 66. Ke2 Kf6 67. Kf3 Kf5 68. Kf2 Kf6 1/2-1/2

[Event "4NCL Division 4 South"]
[Site "Reading, ENG"]
[Date "2018.05.07"]
[Round "11.76"]
[White "Mountford, Corinne"]
[Black "Jaberansari, Daniel"]
[Result "1/2-1/2"]
[WhiteElo "1720"]
[BlackElo "1455"]
[PlyCount "71"]
[EventDate "2018.05.07"]

1. d4 Nf6 2. Nf3 g6 3. c4 Bg7 4. Nc3 O-O 5. e4 d6 6. Be2 e5 7. dxe5 dxe5 8.
Qxd8 Rxd8 9. Nxe5 Nxe4 10. Nxe4 Bxe5 11. O-O Nc6 12. Rb1 Bf5 13. f3 Bd4+ 14.
Kh1 Re8 15. Rd1 Bxe4 16. fxe4 Rxe4 17. Bf3 Ree8 18. Bf4 Be5 19. Bc1 Rab8 20.
Rf1 Bg7 21. b4 Ne5 22. Be2 Rbd8 23. Bg5 Rc8 24. c5 h6 25. Bf4 Rcd8 26. Bg3 Rd2
27. Bd1 Rd7 28. Ba4 c6 29. Bb3 Rf8 30. a3 Kh7 31. h3 f5 32. Rbd1 Rfd8 33. Rde1
Re8 34. a4 Rde7 35. Rd1 Nf7 36. Ba2 1/2-1/2

[Event "4NCL Division 4 South"]
[Site "Reading, ENG"]
[Date "2018.05.07"]
[Round "11.81"]
[White "Stoyanov, Viktor"]
[Black "Staniforth, Matthew"]
[Result "1/2-1/2"]
[WhiteElo "2125"]
[BlackElo "1866"]
[PlyCount "148"]
[EventDate "2018.05.07"]

1. d4 Nf6 2. c4 e6 3. Nf3 d5 4. g3 a6 5. Bg2 dxc4 6. O-O b5 7. Ne5 Nd5 8. a4
Bb7 9. b3 c3 10. axb5 axb5 11. Rxa8 Bxa8 12. e4 b4 13. exd5 Bxd5 14. Be3 Be7
15. Qc2 O-O 16. Nxc3 bxc3 17. Qxc3 Bxg2 18. Kxg2 Qd5+ 19. Kg1 Bd6 20. Nc4 Nc6
21. Nxd6 cxd6 22. Rc1 Ne7 23. Qc4 h6 24. Qxd5 Nxd5 25. Rc6 Rb8 26. Rxd6 Rxb3
27. Rd8+ Kh7 28. Bd2 Rd3 29. Ba5 Rxd4 30. Rf8 Ra4 31. Be1 Kg6 32. h4 h5 33. Kg2
Ra1 34. Bd2 Rd1 35. Ba5 f6 36. Kf3 Kf5 37. Ke2 Ra1 38. Bd2 Ra3 39. f3 Ra1 40.
Rc8 Ra4 41. Rh8 g6 42. Rc8 e5 43. Rc5 Ke6 44. Rc6+ Kd7 45. Rc1 Kd6 46. Rc8 e4
47. fxe4 Rxe4+ 48. Kf3 Rd4 49. Ke2 Ke5 50. Bc3 Nxc3+ 51. Rxc3 Ke4 52. Re3+ Kf5
53. Kf3 g5 54. hxg5 fxg5 55. Ra3 g4+ 56. Ke3 Re4+ 57. Kf2 Re5 58. Ra8 Rc5 59.
Ra2 Rd5 60. Rb2 Ke4 61. Re2+ Kd3 62. Re3+ Kd4 63. Re8 Rf5+ 64. Kg2 Re5 65. Rd8+
Ke3 66. Ra8 Rd5 67. Re8+ Kd2 68. Kf2 Rf5+ 69. Kg2 Rf3 70. Re5 Re3 71. Rd5+ Ke1
72. Rxh5 Re2+ 73. Kg1 Re3 74. Kg2 Re2+ 1/2-1/2

[Event "4NCL Division 4 South"]
[Site "Reading, ENG"]
[Date "2018.05.07"]
[Round "11.82"]
[White "Eckert, Jonathan"]
[Black "Isaksen, Peter A"]
[Result "1-0"]
[WhiteElo "1840"]
[BlackElo "1945"]
[PlyCount "57"]
[EventDate "2018.05.07"]

1. e4 c5 2. Nc3 d6 3. f4 g6 4. Nf3 Bg7 5. Bb5+ Nc6 6. Bxc6+ bxc6 7. d3 Rb8 8.
O-O Ba6 9. Qe1 Nh6 10. f5 Ng4 11. Qh4 Ne5 12. Bh6 Nxf3+ 13. Rxf3 Bf6 14. Qg3
Rxb2 15. Ne2 Rxc2 16. Re1 Rxa2 17. Bg5 Bg7 18. Nf4 c4 19. dxc4 Bxc4 20. Nd3
Bxd3 21. Rxd3 c5 22. e5 d5 23. f6 Bxf6 24. exf6 e6 25. Rxe6+ fxe6 26. f7+ Kd7
27. Bxd8 Rxd8 28. Rb3 Kc6 29. Qe5 1-0

[Event "4NCL Division 4 South"]
[Site "Reading, ENG"]
[Date "2018.05.07"]
[Round "11.83"]
[White "Thornley, Oliver"]
[Black "Hurley, Jake"]
[Result "0-1"]
[WhiteElo "1675"]
[BlackElo "1698"]
[PlyCount "46"]
[EventDate "2018.05.07"]

1. e4 a6 2. f4 b5 3. g3 Bb7 4. Bg2 f5 5. d3 Nf6 6. Nc3 b4 7. Nd5 Nxd5 8. exd5
e6 9. Qe2 Qf6 10. dxe6 Nc6 11. Bxc6 Bxc6 12. exd7+ Kxd7 13. Nf3 Re8 14. Ne5+
Kc8 15. d4 Bxh1 16. Kf2 Bb7 17. c3 h6 18. Bd2 g5 19. cxb4 Qb6 20. Qc4 Bg7 21.
Be3 gxf4 22. gxf4 Bxe5 23. dxe5 Qc6 0-1

[Event "4NCL Division 4 South"]
[Site "Reading, ENG"]
[Date "2018.05.07"]
[Round "11.84"]
[White "Melsom, Jonathan T"]
[Black "Stoyanov, Boris"]
[Result "1/2-1/2"]
[WhiteElo "1735"]
[BlackElo "1532"]
[PlyCount "53"]
[EventDate "2018.05.07"]

1. d4 d5 2. Nf3 Nf6 3. Bf4 e6 4. Nbd2 c5 5. e3 Nc6 6. c3 Be7 7. Bd3 O-O 8. h3
b6 9. Qa4 Bd7 10. Bb5 Qc8 11. Ba6 Nxd4 12. cxd4 Bxa4 13. Bxc8 Raxc8 14. O-O
cxd4 15. exd4 Rc2 16. b3 Bb5 17. Rfe1 Rfc8 18. a4 Ba6 19. a5 b5 20. Red1 Bb4
21. Ne1 R2c6 22. Ndf3 Ne4 23. Nd3 Bc3 24. Ra2 f6 25. g4 g5 26. Be3 b4 27. Kg2
1/2-1/2

[Event "4NCL Division 4 South"]
[Site "Reading, ENG"]
[Date "2018.05.07"]
[Round "11.85"]
[White "Wilson, Andrew C"]
[Black "Parry, Samuel"]
[Result "0-1"]
[WhiteElo "1472"]
[BlackElo "1577"]
[PlyCount "52"]
[EventDate "2018.05.07"]

1. d4 Nf6 2. Nf3 g6 3. Bg5 Bg7 4. e3 O-O 5. Bd3 d6 6. Nbd2 Nc6 7. c3 e5 8. O-O
h6 9. Bh4 Qe7 10. dxe5 Nxe5 11. Nxe5 dxe5 12. Ne4 g5 13. Bg3 Nxe4 14. Bxe4 f5
15. Bd5+ Kh8 16. f4 gxf4 17. exf4 Rd8 18. Qb3 Qc5+ 19. Kh1 Qxd5 20. c4 Qc6 21.
fxe5 Be6 22. Rac1 Rd4 23. Qe3 Rxc4 24. Rxc4 Qxc4 25. Rc1 Qe4 26. Qc5 Bd5 0-1

[Event "4NCL Division 4 South"]
[Site "Reading, ENG"]
[Date "2018.05.07"]
[Round "11.86"]
[White "Davies, Merlin"]
[Black "Saxena, Kshitij"]
[Result "1-0"]
[WhiteElo "1592"]
[BlackElo "1427"]
[PlyCount "91"]
[EventDate "2018.05.07"]

1. e4 d5 2. exd5 Qxd5 3. Nc3 Qa5 4. d4 Bf5 5. Bd3 Bg6 6. Bxg6 hxg6 7. Nf3 Nd7
8. O-O O-O-O 9. Ng5 Nh6 10. Qf3 f5 11. b4 Qb6 12. Bf4 Qxd4 13. Ne6 Qf6 14. Nxd8
e5 15. Qxb7+ Kxd8 16. Qa8+ Ke7 17. Nd5+ Kf7 18. Nxf6 gxf6 19. Qd5+ Ke7 20. Rad1
Nb6 21. Qd8+ Ke6 22. Qe8+ Be7 23. Qxh8 Nf7 24. Qe8 g5 25. Be3 Nd6 26. Rxd6+
cxd6 27. Bxb6 axb6 28. c4 f4 29. Qc8+ Kf7 30. Rd1 e4 31. Rxd6 Bxd6 32. Qd7+ Be7
33. Qd5+ Kf8 34. Qxe4 Bxb4 35. Qe6 Bc3 36. Qxb6 Ke7 37. c5 Bd4 38. Qd6+ Kf7 39.
Qxd4 f3 40. c6 g4 41. gxf3 gxf3 42. c7 Ke6 43. c8=Q+ Kf7 44. Qcd7+ Kg6 45.
Q4g4+ Kh6 46. Qdg7# 1-0

[Event "4NCL Division 4 South"]
[Site "Reading, ENG"]
[Date "2018.05.07"]
[Round "11.91"]
[White "Headlong, Fenella"]
[Black "Jaufarally, Nadia"]
[Result "0-1"]
[WhiteElo "1682"]
[BlackElo "1853"]
[PlyCount "90"]
[EventDate "2018.05.07"]

1. e4 c5 2. c3 d5 3. exd5 Qxd5 4. d4 Nf6 5. Nf3 e6 6. Qb3 Nc6 7. Qxd5 Nxd5 8.
Bb5 Bd7 9. Bxc6 Bxc6 10. Ne5 cxd4 11. Nxc6 bxc6 12. cxd4 Nb4 13. Na3 Rd8 14.
O-O Rxd4 15. Be3 Rd7 16. Rac1 Be7 17. Nc4 Rc7 18. Bf4 Rc8 19. Bd6 Nd5 20. Rfd1
f6 21. Rd3 Kd7 22. Bg3 Rhd8 23. Rb3 $11 23... Ke8 24. Re1 e5 25. h3 Rb8 26. Rf3
Nb6 27. Ne3 Rd2 28. Nf5 g6 29. Nxe7 Kxe7 30. Bxe5 fxe5 31. Rxe5+ Kd6 32. Ra5
Rb7 33. Rf6+ Kc7 34. Rf7+ Rd7 35. Rf6 Nd5 36. Re6 Re7 37. Rxe7+ Nxe7 38. b3 Nd5
39. Ra4 c5 40. Rc4 Kd6 41. f4 Rb4 42. Rc2 Rxf4 43. Re2 Nc3 44. Re8 Nxa2 45. Ra8
Rf7 0-1

[Event "4NCL Division 4 South"]
[Site "Reading, ENG"]
[Date "2018.05.07"]
[Round "11.92"]
[White "Kamath, Vikram"]
[Black "Headlong, Georgia"]
[Result "1-0"]
[WhiteElo "1807"]
[BlackElo "1585"]
[PlyCount "47"]
[EventDate "2018.05.07"]

1. e4 e5 2. d4 exd4 3. c3 dxc3 4. Bc4 g6 5. Nf3 Bg7 6. Nxc3 Nf6 7. e5 Qe7 8.
O-O Ng4 9. Bf4 O-O 10. Qe2 c6 11. h3 Nh6 12. Bg5 Qe8 13. Ne4 Nf5 14. g4 Ne7 15.
Rfe1 h6 16. Bxh6 Kh8 17. Nd6 Qd8 18. Ng5 Qc7 19. Ndxf7+ Kg8 20. Nd6+ Kh8 21.
Qd2 b5 22. Bb3 Na6 23. Ngf7+ Kh7 24. Bxg7 1-0

[Event "4NCL Division 4 South"]
[Site "Reading, ENG"]
[Date "2018.05.07"]
[Round "11.93"]
[White "Kamotskiy, Ilya"]
[Black "Chowdhury, Feroza"]
[Result "1-0"]
[WhiteElo "1592"]
[BlackElo "1825"]
[PlyCount "89"]
[EventDate "2018.05.07"]

1. e4 e6 2. d4 d5 3. Nd2 c5 4. exd5 Qxd5 5. Ngf3 Nf6 6. Bc4 Qd8 7. O-O a6 8. a4
cxd4 9. Nb3 Qc7 10. Qe2 Nc6 11. Nbxd4 Nxd4 12. Nxd4 Bd6 13. h3 e5 14. Bd3 O-O
15. Nf5 Bxf5 16. Bxf5 g6 17. Bd3 Nh5 18. Qf3 f5 19. Qd5+ Kg7 20. b3 Nf4 21.
Bxf4 exf4 22. Rfe1 Rae8 23. Re6 Rxe6 24. Qxe6 Rf6 25. Qe8 Bb4 26. Rd1 Qf7 27.
Qxf7+ Rxf7 28. Bc4 Re7 29. Rd4 g5 30. Bxa6 Bc5 31. Rd5 Re1+ 32. Bf1 b6 33. Rd2
Kg6 34. c4 b5 35. axb5 g4 36. b4 Bxf2+ 37. Kxf2 Rb1 38. c5 Rxb4 39. c6 g3+ 40.
Kg1 Rb3 41. c7 f3 42. c8=Q f2+ 43. Rxf2 gxf2+ 44. Kxf2 Kg5 45. Qg8+ 1-0

[Event "4NCL Division 4 South"]
[Site "Reading, ENG"]
[Date "2018.05.07"]
[Round "11.94"]
[White "Sheikh, Nasarullah"]
[Black "Turetskiy, Fedor"]
[Result "1-0"]
[WhiteElo "1692"]
[BlackElo "1532"]
[PlyCount "35"]
[EventDate "2018.05.07"]

1. e4 e5 2. d4 exd4 3. Qxd4 Nc6 4. Qe3 d6 5. Nc3 Be7 6. Bd2 Nf6 7. O-O-O Be6 8.
h3 d5 9. exd5 Nxd5 10. Qg3 Nxc3 11. Bxc3 Bd6 12. Qxg7 Rf8 13. Bb5 a6 14. Bxc6+
bxc6 15. Nf3 Bxa2 16. Ng5 Rb8 17. Nxh7 Rxb2 18. Kxb2 1-0

[Event "4NCL Division 4 South"]
[Site "Reading, ENG"]
[Date "2018.05.07"]
[Round "11.95"]
[White "Kamotski, Sasha"]
[Black "Sheikh, Anum"]
[Result "0-1"]
[WhiteElo "1465"]
[BlackElo "1605"]
[PlyCount "54"]
[EventDate "2018.05.07"]

1. e4 c5 2. c3 d5 3. e5 Nc6 4. Bb5 Qc7 5. Nf3 Bg4 6. d4 e6 7. O-O a6 8. Qa4
Bxf3 9. Bxc6+ bxc6 10. gxf3 c4 11. b3 cxb3 12. axb3 Nh6 13. Ba3 Bxa3 14. Nxa3
O-O 15. Nc2 c5 16. Qa5 Qe7 17. b4 cxd4 18. cxd4 Qg5+ 19. Kh1 Qd2 20. b5 Qxa5
21. Rxa5 axb5 22. Rxa8 Rxa8 23. Rb1 Rb8 24. Rb4 Nf5 25. Na3 Nh4 26. f4 Rc8 27.
Rxb5 Rc1# 0-1

[Event "4NCL Division 4 South"]
[Site "Reading, ENG"]
[Date "2018.05.07"]
[Round "11.96"]
[White "Jaufarally, Mohammud"]
[Black "Ashraf, Zoha"]
[Result "1/2-1/2"]
[WhiteElo "1540"]
[BlackElo "1050"]
[PlyCount "85"]
[EventDate "2018.05.07"]

1. d4 e6 2. Nf3 f5 3. Bf4 Nf6 4. Nbd2 Be7 5. h3 d5 6. e3 b6 7. Be2 Bb7 8. c3
Nbd7 9. Ng5 Nf8 10. Qc2 h6 11. Ngf3 Qd7 12. Ne5 Qc8 13. h4 Bd6 14. O-O-O Bxe5
15. Bxe5 N8d7 16. Bf4 Bc6 17. Rdg1 h5 18. f3 Qb7 19. g4 hxg4 20. fxg4 O-O-O 21.
gxf5 exf5 22. Rxg7 Ne4 23. Nf3 Rde8 24. h5 a5 25. h6 Reg8 26. Rxg8+ Rxg8 27. h7
Rh8 28. Be5 Nxe5 29. Nxe5 Be8 30. Rh6 c6 31. Qa4 Rxh7 32. Rxh7 Qxh7 33. Ba6+
Kd8 34. Qd1 b5 35. Qe1 Qh2 36. Nd3 Bh5 37. Nf4 Bg4 38. Ne6+ Kd7 39. Nc5+ Nxc5
40. dxc5 Be2 41. a4 Bd3 42. Qd2 Qxd2+ 43. Kxd2 1/2-1/2